[Event "Medellin op"]
[Site "Medellin"]
[Date "2011.04.??"]
[Round "7"]
[White "Montoya Diaz, Cesar Augusto"]
[Black "Arango Andres, Mauricio"]
[Result "1-0"]
[WhiteElo "2177"]
[BlackElo "2174"]
[PlyCount "97"]
[EventDate "2011.04.??"]
[EventType "swiss"]
[EventRounds "9"]
[EventCountry "COL"]
[SourceTitle "CBM 142 Extra"]
[Source "ChessBase"]
[SourceDate "2011.06.27"]
[SourceVersion "1"]
[SourceVersionDate "2011.06.27"]
[SourceQuality "1"]

1. d4 d5 2. Nf3 Nf6 3. Bg5 c6 4. Nbd2 Qb6 5. Rb1 Ne4 6. e3 Nxg5 7. Nxg5 h6 8. Ngf3 Bf5 9. Be2 Nd7 10. 0-0 g5 11. b4 Bg7 12. Ne1 e5 13. Nb3 0-0 14. Bg4 Bxg4 15. Qxg4 f5 16. Qd1 exd4 17. exd4 Nf6 18. Nc5 Rfe8 19. Qd3 Ne4 20. c3 Qc7 21. Nf3 b6 22. Nb3 Qf7 23. Rfe1 g4 24. Ne5 Rxe5 25. dxe5 Bxe5 26. Nd4 Qh5 27. g3 Bxd4 28. cxd4 Ng5 29. Re3 Nf3+ 30. Rxf3 gxf3 31. Re1 Re8 32. Rxe8+ Qxe8 33. Qxf3 Qe1+ 34. Kg2 Qe4 35. Qxe4 dxe4 36. f3 Kf7 37. fxe4 fxe4 38. g4 Ke6 39. Kf2 Kd5 40. Ke3 Kc4 41. h4 Kxb4 42. g5 hxg5 43. hxg5 c5 44. dxc5 bxc5 45. g6 Ka3 46. g7 Kxa2 47. g8Q+ Kb2 48. Qb8+ Kc3 49. Qxa7 1-0

[Event "Bucaramanga op"]
[Site "Bucaramanga"]
[Date "2008.05.30"]
[Round "1"]
[White "Arango Andres, Mauricio"]
[Black "Mosquera Klinger, Miguel Alonso"]
[Result "1-0"]
[WhiteElo "2069"]
[BlackElo "2398"]
[PlyCount "77"]
[EventDate "2008.05.30"]
[EventType "swiss"]
[EventRounds "9"]
[EventCountry "COL"]
[SourceTitle "EXT 2010"]
[Source "ChessBase"]
[SourceDate "2010.11.25"]
[SourceVersion "1"]
[SourceVersionDate "2010.11.25"]
[SourceQuality "1"]

1. e4 c5 2. Nf3 d6 3. d4 cxd4 4. Nxd4 Nf6 5. Nc3 a6 6. Bc4 e6 7. Bb3 Nbd7 8. 0-0 Nc5 9. f4 Be7 10. f5 0-0 11. fxe6 fxe6 12. Nf5 b5 13. Bg5 Bb7 14. Qd4 Nxb3 15. Nxe7+ Qxe7 16. axb3 Rac8 17. Rad1 Rc6 18. Rd3 h6 19. Bh4 e5 20. Nd5 Qe6 21. Qa7 Rf7 22. Bxf6 Rxc2 23. Rg3 g5 24. Qb6 Kh7 25. Qd8 Rc8 26. Qb6 Bxd5 27. exd5 Qxd5 28. Rgf3 Rcf8 29. Qf2 Qe6 30. h4 g4 31. Rf5 Qxb3 32. h5 g3 33. Qe2 Qc4 34. Qd1 Qe6 35. Qf3 e4 36. Qc3 Qc4 37. Qxg3 Rg8 38. Qe3 d5 39. Be5 1-0

[Event "Cali qual"]
[Site "Cali"]
[Date "2008.05.02"]
[Round "2"]
[White "Ramirez, Carlos"]
[Black "Arango Andres, Mauricio"]
[Result "1-0"]
[WhiteElo "2249"]
[BlackElo "2069"]
[PlyCount "91"]
[EventDate "2008.05.01"]
[EventType "swiss"]
[EventRounds "9"]
[EventCountry "COL"]
[SourceTitle "CBM 124 Extra"]
[Source "ChessBase"]
[SourceDate "2008.07.03"]
[SourceVersion "1"]
[SourceVersionDate "2008.07.03"]
[SourceQuality "1"]

1. d4 d5 2. c4 c6 3. Nf3 Nf6 4. Nc3 e6 5. e3 Nbd7 6. Qc2 Bd6 7. b3 0-0 8. Be2 Qe7 9. 0-0 e5 10. cxd5 cxd5 11. Nb5 e4 12. Nd2 Nb6 13. Nxd6 Qxd6 14. a4 Bg4 15. Ba3 Qb8 16. f3 Rc8 17. Qd1 exf3 18. gxf3 Bh3 19. Re1 Rc3 20. Bf1 Bxf1 21. Nxf1 Qe8 22. Bb4 Rc6 23. Qd3 Rac8 24. e4 dxe4 25. fxe4 Qd7 26. Rad1 Qg4+ 27. Qg3 Rc2 28. a5 Nbd7 29. Ne3 Qxg3+ 30. hxg3 Rb2 31. Rd3 h5 32. e5 Ng4 33. Nc4 Rxc4 34. bxc4 Rxb4 35. c5 Kf8 36. a6 bxa6 37. c6 Nb6 38. d5 Ke8 39. d6 Rc4 40. e6 fxe6 41. Rxe6+ Kd8 42. c7+ Kc8 43. Re8+ Kd7 44. Rd8+ Ke6 45. d7 Rc1+ 46. Kg2 1-0